<?xml version="1.0" encoding="UTF-8"?>
<record
    xmlns:xsi="http://www.w3.org/2001/XMLSchema-instance"
    xsi:schemaLocation="http://www.loc.gov/MARC21/slim http://www.loc.gov/standards/marcxml/schema/MARC21slim.xsd"
    xmlns="http://www.loc.gov/MARC21/slim">

  <leader>00792cam a22002411  4500</leader>
  <controlfield tag="001">ne 68002562 </controlfield>
  <controlfield tag="003">DLC</controlfield>
  <controlfield tag="005">20260227111844.0</controlfield>
  <controlfield tag="008">900823s1966    ir abc   b    000 0 perr </controlfield>
  <datafield tag="010" ind1=" " ind2=" ">
    <subfield code="a">ne 68002562 </subfield>
  </datafield>
  <datafield tag="035" ind1=" " ind2=" ">
    <subfield code="a">(OCoLC)22268312</subfield>
  </datafield>
  <datafield tag="040" ind1=" " ind2=" ">
    <subfield code="a">DLC</subfield>
    <subfield code="c">WaU</subfield>
    <subfield code="d">DLC</subfield>
  </datafield>
  <datafield tag="043" ind1=" " ind2=" ">
    <subfield code="a">a-ir---</subfield>
  </datafield>
  <datafield tag="050" ind1="0" ind2="0">
    <subfield code="a">DS324.G67</subfield>
    <subfield code="b">M82</subfield>
  </datafield>
  <datafield tag="100" ind1="1" ind2=" ">
    <subfield code="a">Mu&#x2BB;&#x12B;n&#x12B;, Asad All&#x101;h.</subfield>
  </datafield>
  <datafield tag="245" ind1="1" ind2="0">
    <subfield code="a">Jughr&#x101;fiy&#x101; va jughr&#x101;fiy&#x101;-yi t&#x101;r&#x12B;kh&#x12B;-i Gurg&#x101;n va Dasht,</subfield>
    <subfield code="b">&#x1E6D;ab&#x12B;&#x2BB;&#x12B;, t&#x101;r&#x12B;kh&#x12B;, s&#x12B;y&#x101;s&#x12B;, adab&#x12B;.</subfield>
    <subfield code="c">Ta&#x2BC;l&#x12B;f Asad All&#x101;h Mu&#x2BB;&#x12B;n&#x12B;.</subfield>
  </datafield>
  <datafield tag="260" ind1=" " ind2=" ">
    <subfield code="a">[Tihr&#x101;n]</subfield>
    <subfield code="b">Tab&#x2BB;i Kit&#x101;b,</subfield>
    <subfield code="c">1344 [1966]</subfield>
  </datafield>
  <datafield tag="300" ind1=" " ind2=" ">
    <subfield code="a">17, 428 p.</subfield>
    <subfield code="b">illus., maps., ports.</subfield>
    <subfield code="c">25 cm.</subfield>
  </datafield>
  <datafield tag="504" ind1=" " ind2=" ">
    <subfield code="a">Bibliography: p. 7-8 (1st group)</subfield>
  </datafield>
  <datafield tag="651" ind1=" " ind2="0">
    <subfield code="a">Gurg&#x101;n (Gulist&#x101;n, Iran)</subfield>
  </datafield>
  <datafield tag="651" ind1=" " ind2="0">
    <subfield code="a">Dasht-e Gorg&#x101;n.</subfield>
  </datafield>
  <datafield tag="740" ind1="0" ind2=" ">
    <subfield code="a">Gurg&#x101;n va Dasht.</subfield>
  </datafield>
  <datafield tag="999" ind1=" " ind2=" ">
    <subfield code="c">50559</subfield>
    <subfield code="d">50559</subfield>
  </datafield>
</record>
